000 00332nam a2200133Ia 4500
008 240109s9999 xx 000 0 und d
041 _aeng
082 _a820
100 _aHamilton Roger
245 _aWink and Grow Rich
260 _bMacmillan Publishers India Pvt. Ltd. Delhi/Mumbai
300 _a134
650 _aManagement
999 _c1036109
_d1036109